Górnicze kluby piłkarskie - Statystyki

Ogólne statystyki
  • Ten quiz został rozwiązany 164 razy
  • Średni wynik to 5 z 9
Statystyki odpowiedzi
Poziom rozgrywkowy Odpowiedź % Poprawnych
Ekstraklasa Górnik Zabrze
96%
II Liga GKS Katowice
82%
II Liga Górnik Łęczna
71%
I Liga GKS Tychy
61%
I Liga GKS Bełchatów
57%
II Liga Górnik Polkowice
54%
I Liga GKS Jastrzębie
43%
(Bonus) A Klasa Dolnośląska Górnik Wałbrzych
42%
III Liga gr2 Górnik Konin
21%
Nie znaleziono quizów pasujących do podanych kryteriów
Rozkład punktacji
Procent ludzi z każdym wynikiem
Percentyl według liczby udzielonych odpowiedzi
Twoja historia wyników
Nie rozwiązałeś tego quizu